00376nam a22000977a 4500008004100000082001600041110000700057245018200064260002400246300000800270230620b xxu||||| |||| 00| 0 eng d a323.119bUN bUN aReport of the committee on the Exercise of the Inalienable Rights of the Palestinian PeoplebGeneral AssemblycOfficial Record. Forty-Seventh session hSupplement No.35(A/47/35) aNew York bUNc1994 a59p